[Event "Titled Tuesday intern op 27th Aug Early"]
[Site "Chess.com INT"]
[Date "2024.08.27"]
[Round "11"]
[White "Shimanov, Aleksandr"]
[Black "Maneluk, Daniil"]
[Result "1-0"]
[WhiteElo "2582"]
[BlackElo "2213"]
[PlyCount "159"]
[EventDate "2024.08.27"]
[EventType "swiss (blitz)"]
[EventRounds "11"]
[EventCountry "USA"]
[SourceTitle "EXT 2025"]
[Source "ChessBase"]
[SourceDate "2024.10.14"]
[SourceVersion "1"]
[SourceVersionDate "2024.10.14"]
[SourceQuality "1"]

1. e4 e6 2. Qe2 c5 3. b3 Nc6 4. Bb2 d6 5. f4 Nf6 6. Nf3 Be7 7. Rg1 d5 8. d3 dxe4 9. dxe4 Nd4 10. Nxd4 cxd4 11. Nd2 e5 12. f5 a6 13. 0-0-0 h6 14. g4 Qc7 15. h4 Nh7 16. Nf3 f6 17. Qd2 Bd7 18. Bc4 0-0-0 19. Kb1 Kb8 20. Qe2 Bc6 21. Nd2 Nf8 22. Nf1 Nd7 23. Ng3 Nb6 24. Bd3 a5 25. Nh5 Bb4 26. a3 Bf8 27. Qe1 Nd7 28. Rg2 Nc5 29. Re2 Qb6 30. Bc4 Rd7 31. Ng3 Be7 32. Nh5 Bd6 33. Ng3 Rhd8 34. Ka2 Bf8 35. Red2 Qc7 36. Qe2 b6 37. a4 Qb7 38. Re1 Ka7 39. Ba3 Na6 40. Bxf8 Rxf8 41. Bxa6 Qxa6 42. Qxa6+ Kxa6 43. Nh1 b5 44. axb5+ Kxb5 45. Nf2 Rc8 46. Kb2 a4 47. g5 axb3 48. cxb3 h5 49. gxf6 gxf6 50. Rg1 Bb7 51. Rg6 Rc6 52. Nd3 Rdc7 53. Rh6 Ba6 54. Nf2 Kb6 55. Rxh5 Rg7 56. Rh6 Rg3 57. Rg6 Rf3 58. Ng4 Rcc3 59. Rxf6+ Ka5 60. Nf2 Rxb3+ 61. Kc1 Rfc3+ 62. Rc2 d3 63. Rxc3 Rxc3+ 64. Kd1 Rb3 65. Rd6 Rb1+ 66. Kd2 Rb2+ 67. Ke3 Re2+ 68. Kf3 Re1 69. Rd5+ Kb6 70. Nxd3 Rf1+ 71. Ke3 Rh1 72. Nxe5 Rxh4 73. Rd6+ Kb7 74. Ng6 Rh1 75. Kf4 Bb5 76. Ke5 Rc1 77. f6 Bc4 78. Ne7 Rh1 79. Nd5 Rh5+ 80. Kd4 1-0

[Event "Titled Tuesday intern op 13th Aug Early"]
[Site "Chess.com INT"]
[Date "2024.08.13"]
[Round "5"]
[White "Maneluk, Daniil"]
[Black "Abdurakhmanov, Mukhmmadali"]
[Result "0-1"]
[WhiteElo "2213"]
[BlackElo "2395"]
[PlyCount "136"]
[EventDate "2024.08.13"]
[EventType "swiss (blitz)"]
[EventRounds "11"]
[EventCountry "USA"]
[SourceTitle "EXT 2025"]
[Source "ChessBase"]
[SourceDate "2024.10.14"]
[SourceVersion "1"]
[SourceVersionDate "2024.10.14"]
[SourceQuality "1"]

1. e4 c5 2. Nf3 e6 3. c4 Nc6 4. Nc3 Nf6 5. Be2 Be7 6. 0-0 0-0 7. d4 cxd4 8. Nxd4 d6 9. Be3 Bd7 10. Rc1 a6 11. b3 Rc8 12. Qd2 h6 13. f3 Ne5 14. a4 Re8 15. h3 Nc6 16. f4 e5 17. fxe5 dxe5 18. Nxc6 Bxc6 19. Qc2 Bb4 20. Rxf6 Qxf6 21. Nd5 Bxd5 22. exd5 e4 23. Rf1 Qe7 24. Bg4 Rcd8 25. Qf2 Rf8 26. Kh1 Rd6 27. Bd4 Re8 28. Qe3 Qg5 29. Qxg5 hxg5 30. Be3 f6 31. Bh5 Re7 32. Bg6 b6 33. g4 a5 34. Kg2 Bc5 35. Kf2 Rd8 36. Ke2 Kf8 37. h4 gxh4 38. Rh1 Bxe3 39. Kxe3 Re5 40. Rxh4 Ke7 41. Rh7 Rg8 42. Bxe4 Kd6 43. Kf3 Kc5 44. Bf5 Re7 45. Be6 Rd8 46. Kf4 Kb4 47. Rh3 Rd6 48. Kf5 Rd8 49. Rg3 Rc7 50. Rd3 Kc5 51. Kg6 Kd6 52. Kf5 Rh8 53. Rg3 Re7 54. g5 Rh5 55. Kg6 Rxg5+ 56. Rxg5 fxg5 57. Kxg5 Re8 58. Kf5 Rf8+ 59. Kg6 Rf3 60. Bc8 Rxb3 61. Ba6 Rb4 62. Bb5 Rxb5 63. axb5 a4 64. Kxg7 a3 65. c5+ Kxc5 66. Kf6 Kxd5 67. Ke7 a2 68. Kd7 a1Q 0-1

[Event "Titled Tuesday intern op 06th Aug Early"]
[Site "Chess.com INT"]
[Date "2024.08.06"]
[Round "10"]
[White "Maneluk, Daniil"]
[Black "Goncharov, Vladimir"]
[Result "1-0"]
[WhiteElo "2213"]
[BlackElo "2077"]
[PlyCount "103"]
[EventDate "2024.08.06"]
[EventType "swiss (blitz)"]
[EventRounds "11"]
[EventCountry "USA"]
[SourceTitle "EXT 2025"]
[Source "ChessBase"]
[SourceDate "2024.10.14"]
[SourceVersion "1"]
[SourceVersionDate "2024.10.14"]
[SourceQuality "1"]

1. e4 e6 2. d4 d5 3. Nd2 c5 4. Ngf3 Nc6 5. exd5 exd5 6. Bb5 Bd6 7. dxc5 Bxc5 8. 0-0 Nge7 9. Nb3 Bd6 10. c4 0-0 11. c5 Bc7 12. Nbd4 Nxd4 13. Nxd4 Ng6 14. Re1 Qf6 15. Nf3 Bg4 16. Qxd5 Rad8 17. Qxb7 Rb8 18. Qxc7 Rxb5 19. Ne5 Be6 20. Nxg6 Qxg6 21. Bf4 Rxb2 22. Qxa7 Bd5 23. Bg3 h5 24. h4 Ra8 25. Qd7 Bc6 26. Qd6 Raxa2 27. Rxa2 Rxa2 28. Qxg6 fxg6 29. Re6 Bd5 30. Rxg6 Kf7 31. Rg5 Be6 32. c6 Rc2 33. c7 g6 34. Rb5 Bf5 35. Kh2 Ke7 36. f3 Kd7 37. Bf4 Ke7 38. Kg3 Kf7 39. Rb8 Bd7 40. Rd8 Bf5 41. Bd6 Rc4 42. Be5 Ke6 43. c8Q+ Rxc8 44. Rxc8 Kxe5 45. Rc6 Bc2 46. Kf2 Bf5 47. Ke3 Kd5 48. Ra6 Ke5 49. Ra5+ Kf6 50. Kf4 Bc2 51. Ra6+ Kf7 52. Ke5 1-0

[Event "Titled Tuesday intern op 06th Aug Early"]
[Site "Chess.com INT"]
[Date "2024.08.06"]
[Round "7"]
[White "Maneluk, Daniil"]
[Black "Niekras, Dawid"]
[Result "0-1"]
[WhiteElo "2213"]
[BlackElo "2353"]
[PlyCount "104"]
[EventDate "2024.08.06"]
[EventType "swiss (blitz)"]
[EventRounds "11"]
[EventCountry "USA"]
[SourceTitle "EXT 2025"]
[Source "ChessBase"]
[SourceDate "2024.10.14"]
[SourceVersion "1"]
[SourceVersionDate "2024.10.14"]
[SourceQuality "1"]

1. e4 c5 2. Nf3 g6 3. d4 cxd4 4. Nxd4 Nc6 5. c4 Nf6 6. Nc3 d6 7. Be3 Ng4 8. Nxc6 bxc6 9. Qd2 Nxe3 10. Qxe3 Qb6 11. Qxb6 axb6 12. a3 Bg7 13. Rc1 f5 14. Bd3 f4 15. f3 g5 16. Ke2 Be5 17. Rc2 Be6 18. Rg1 Bd4 19. Rb1 Kf7 20. g3 Be5 21. Kf2 h5 22. Ne2 Kf6 23. Kg2 Rhg8 24. Rf1 Kf7 25. h3 fxg3 26. f4 gxf4 27. Nxf4 Bxf4 28. Rxf4+ Ke8 29. Be2 Rg5 30. Rc3 Kd7 31. h4 Rc5 32. b4 Re5 33. Rxg3 d5 34. cxd5 cxd5 35. Rd3 Kc7 36. Bf3 dxe4 37. Bxe4 Rg8+ 38. Kf2 Kb8 39. Ke3 Rc8 40. Kd4 Rxe4+ 41. Kxe4 Bg4 42. Rd5 Rc7 43. Rg5 Kb7 44. Rfxg4 hxg4 45. Rxg4 Rc4+ 46. Kf5 Rc3 47. h5 Rxa3 48. Rh4 Ra8 49. h6 Kc6 50. h7 Kb5 51. Ke6 Rh8 52. Kxe7 Ka4 0-1

[Event "Titled Tuesday intern op 23rd Jul Early"]
[Site "Chess.com INT"]
[Date "2024.07.23"]
[Round "7"]
[White "Dominguez Perez, Leinier"]
[Black "Maneluk, Daniil"]
[Result "1-0"]
[WhiteElo "2748"]
[BlackElo "2254"]
[PlyCount "131"]
[EventDate "2024.07.23"]
[EventType "swiss (blitz)"]
[EventRounds "11"]
[EventCountry "USA"]
[SourceTitle "EXT 2025"]
[Source "ChessBase"]
[SourceDate "2024.10.14"]
[SourceVersion "1"]
[SourceVersionDate "2024.10.14"]
[SourceQuality "1"]

1. e4 e6 2. d4 d5 3. Nc3 Nf6 4. e5 Nfd7 5. f4 c5 6. Nf3 Nc6 7. Be3 h6 8. Qd2 g5 9. dxc5 Bxc5 10. Bxc5 Nxc5 11. 0-0-0 Rg8 12. Kb1 Bd7 13. g3 a6 14. Nd4 Qb6 15. Nf5 0-0-0 16. Nd6+ Kb8 17. Bd3 Nxd3 18. Qxd3 f5 19. Ne2 Ne7 20. Nd4 Nc8 21. Nxc8 Rxc8 22. Qd2 Qd8 23. Rhe1 gxf4 24. gxf4 Qh4 25. Rg1 Ka8 26. b3 Rg4 27. Rxg4 Qxg4 28. a4 Rg8 29. a5 Qg2 30. Kb2 Qe4 31. Re1 Rg2 32. Qb4 Qxf4 33. Qf8+ Ka7 34. Qc5+ Ka8 35. Ka3 Qd2 36. Qf8+ Ka7 37. Qc5+ Ka8 38. Rf1 Rg4 39. Qf8+ Ka7 40. Qc5+ Ka8 41. c3 Rg2 42. Qf8+ Ka7 43. Qc5+ Ka8 44. Kb4 Qd3 45. Qf8+ Ka7 46. Qc5+ Ka8 47. Rf3 Qe4 48. Qf8+ Ka7 49. Qc5+ Ka8 50. Qd6 Bb5 51. Rg3 Rxg3 52. hxg3 Qd3 53. Qd8+ Ka7 54. Qb6+ Ka8 55. Qxe6 Bc6 56. Qd6 Ka7 57. e6 Qe4 58. e7 Bb5 59. Qb6+ Ka8 60. Qd8+ Ka7 61. Qd6 h5 62. Kc5 h4 63. Nxb5+ axb5 64. Qb6+ Kb8 65. Qd8+ Ka7 66. e8Q 1-0

[Event "Titled Tuesday intern op 23rd Jul Early"]
[Site "Chess.com INT"]
[Date "2024.07.23"]
[Round "8"]
[White "Maneluk, Daniil"]
[Black "Deac, Bogdan Daniel"]
[Result "0-1"]
[WhiteElo "2254"]
[BlackElo "2683"]
[PlyCount "80"]
[EventDate "2024.07.23"]
[EventType "swiss (blitz)"]
[EventRounds "11"]
[EventCountry "USA"]
[SourceTitle "EXT 2025"]
[Source "ChessBase"]
[SourceDate "2024.10.14"]
[SourceVersion "1"]
[SourceVersionDate "2024.10.14"]
[SourceQuality "1"]

1. e4 c5 2. Nf3 d6 3. d4 cxd4 4. Nxd4 Nf6 5. Nc3 e5 6. Nb3 Be7 7. Be3 Be6 8. Qd2 Ng4 9. Nd5 Nxe3 10. Nxe3 Nd7 11. 0-0-0 0-0 12. Kb1 Rc8 13. Nd5 Bxd5 14. Qxd5 Qc7 15. c3 Nf6 16. Qd3 a6 17. g4 Nxg4 18. Qg3 Nf6 19. Rg1 g6 20. Bd3 Rfd8 21. Nd2 d5 22. exd5 Rxd5 23. Ne4 Nh5 24. Qf3 Rcd8 25. Bc2 Rxd1+ 26. Rxd1 Rxd1+ 27. Qxd1 Nf4 28. a4 Kg7 29. Nd2 f5 30. Nf3 Bf6 31. h4 e4 32. Nd4 Qd7 33. Qc1 Nh5 34. Nb3 Bxh4 35. Qe3 Nf6 36. Qa7 Ng4 37. Nc5 Bxf2 38. Qxb7 Qxb7 39. Nxb7 h5 40. b4 h4 0-1

[Event "Titled Tuesday intern op 23rd Jul Early"]
[Site "Chess.com INT"]
[Date "2024.07.23"]
[Round "6"]
[White "Maneluk, Daniil"]
[Black "Mahdavi, Reza"]
[Result "1-0"]
[WhiteElo "2254"]
[BlackElo "2389"]
[PlyCount "49"]
[EventDate "2024.07.23"]
[EventType "swiss (blitz)"]
[EventRounds "11"]
[EventCountry "USA"]
[SourceTitle "EXT 2025"]
[Source "ChessBase"]
[SourceDate "2024.10.14"]
[SourceVersion "1"]
[SourceVersionDate "2024.10.14"]
[SourceQuality "1"]

1. e4 e5 2. Nf3 Nc6 3. Bb5 a6 4. Ba4 Nf6 5. 0-0 b5 6. Bb3 Bc5 7. c3 d6 8. d4 Bb6 9. a4 Rb8 10. axb5 axb5 11. Na3 0-0 12. Nxb5 Bg4 13. Be3 Re8 14. Bc2 exd4 15. Nbxd4 Nxd4 16. cxd4 Nxe4 17. h3 Bh5 18. Ba4 Re7 19. Bc6 d5 20. Bf4 Re6 21. Rc1 Qf6 22. Be5 Qg6 23. Bxd5 Rxe5 24. Nxe5 Bxd1 25. Nxg6 1-0

[Event "Titled Tuesday intern op 23rd Jul Early"]
[Site "Chess.com INT"]
[Date "2024.07.23"]
[Round "9"]
[White "Tologontegin, Semetey"]
[Black "Maneluk, Daniil"]
[Result "0-1"]
[WhiteElo "2337"]
[BlackElo "2254"]
[PlyCount "78"]
[EventDate "2024.07.23"]
[EventType "swiss (blitz)"]
[EventRounds "11"]
[EventCountry "USA"]
[SourceTitle "EXT 2025"]
[Source "ChessBase"]
[SourceDate "2024.10.14"]
[SourceVersion "1"]
[SourceVersionDate "2024.10.14"]
[SourceQuality "1"]

1. d4 Nf6 2. c4 c5 3. d5 b5 4. cxb5 a6 5. bxa6 g6 6. Nc3 Bg7 7. Nf3 0-0 8. e4 Qa5 9. Bd2 d6 10. Bd3 Bxa6 11. Qe2 Bxd3 12. Qxd3 Qa6 13. Qxa6 Nxa6 14. a3 Rfb8 15. Rb1 Nc7 16. h3 Nb5 17. Ke2 Nxc3+ 18. Bxc3 Nxe4 19. Bxg7 Kxg7 20. Nd2 Nf6 21. Kd3 Nxd5 22. Kc2 Rb7 23. g3 Nb6 24. Ra1 d5 25. b3 e5 26. a4 c4 27. bxc4 Nxc4 28. Nxc4 Rc8 29. Rhc1 Rxc4+ 30. Kd1 Rd4+ 31. Ke1 Rb2 32. Rd1 Re4+ 33. Kf1 Ree2 34. Rxd5 Rxf2+ 35. Kg1 Rg2+ 36. Kf1 e4 37. a5 e3 38. a6 Rbf2+ 39. Ke1 Rg1# 0-1

[Event "Titled Tuesday intern op 09th Jul Early"]
[Site "Chess.com INT"]
[Date "2024.07.09"]
[Round "2"]
[White "Maneluk, Daniil"]
[Black "Barwinska, Ewa"]
[Result "1-0"]
[WhiteElo "2254"]
[BlackElo "2035"]
[PlyCount "69"]
[EventDate "2024.07.09"]
[EventType "swiss (blitz)"]
[EventRounds "11"]
[EventCountry "USA"]
[SourceTitle "EXT 2025"]
[Source "ChessBase"]
[SourceDate "2024.10.14"]
[SourceVersion "1"]
[SourceVersionDate "2024.10.14"]
[SourceQuality "1"]

1. e4 c5 2. Nf3 d6 3. d4 cxd4 4. Nxd4 Nf6 5. Nc3 a6 6. f3 g6 7. Be3 Bg7 8. Qd2 b5 9. a4 b4 10. Nd5 Nxd5 11. exd5 a5 12. Bc4 0-0 13. 0-0 Ba6 14. Bxa6 Nxa6 15. Nc6 Qd7 16. Bd4 Nc5 17. Bxg7 Kxg7 18. Qd4+ Kg8 19. Rfe1 e5 20. Nxe5 dxe5 21. Qxc5 Rfe8 22. Re2 Rec8 23. Qb5 Qa7+ 24. Kh1 Qd4 25. Rb1 Rc5 26. Qb7 Qxd5 27. Qe7 Rac8 28. Rbe1 Rxc2 29. Rxe5 Qb3 30. Qf6 Rf8 31. h4 Rcc8 32. h5 h6 33. hxg6 Qc4 34. g7 Rfd8 35. Qxh6 1-0

[Event "Titled Tuesday intern op 09th Jul Early"]
[Site "Chess.com INT"]
[Date "2024.07.09"]
[Round "3"]
[White "Maneluk, Daniil"]
[Black "Beerdsen, Thomas"]
[Result "0-1"]
[WhiteElo "2254"]
[BlackElo "2510"]
[PlyCount "162"]
[EventDate "2024.07.09"]
[EventType "swiss (blitz)"]
[EventRounds "11"]
[EventCountry "USA"]
[SourceTitle "EXT 2025"]
[Source "ChessBase"]
[SourceDate "2024.10.14"]
[SourceVersion "1"]
[SourceVersionDate "2024.10.14"]
[SourceQuality "1"]

1. e4 e5 2. Nf3 Nc6 3. Bb5 f5 4. Nc3 fxe4 5. Nxe4 Nf6 6. Qe2 d5 7. Nxf6+ gxf6 8. d3 Bg7 9. Bd2 0-0 10. Bxc6 bxc6 11. Bb4 Re8 12. Nd2 Rb8 13. Ba3 f5 14. 0-0 e4 15. c3 Ba6 16. c4 dxc4 17. dxe4 Bxb2 18. Bxb2 Rxb2 19. Rfd1 Qd3 20. Qh5 Rf8 21. Nf3 Qc2 22. Kh1 Qxe4 23. Ng5 Qe7 24. Re1 Qg7 25. Ne6 Qg6 26. Qxg6+ hxg6 27. Nxf8 Kxf8 28. Kg1 c3 29. Rac1 c2 30. Re3 Bb5 31. a3 f4 32. Re4 Bd3 33. Ree1 Rb3 34. Ra1 c5 35. f3 c4 36. Kf2 c3 37. h4 Rb2 38. Rec1 Rb6 39. g3 fxg3+ 40. Kxg3 Kg7 41. Re1 Rb1 42. Rc1 Kf6 43. a4 a5 44. Kf4 Rb4+ 45. Ke3 Bf5 46. Rh1 c5 47. Rac1 Rxa4 48. h5 gxh5 49. Rxh5 Rd4 50. Rh6+ Kg5 51. Rhh1 Rd3+ 52. Ke2 Kf4 53. Rh4+ Kg3 54. Rh5 Rd2+ 55. Ke3 Rd1 56. Rh1 Rd3+ 57. Ke2 Rxf3 58. Rcg1+ Kf4 59. Rh4+ Ke5 60. Kxf3 Bd3 61. Ra4 Kd5 62. Rc1 c4 63. Rxa5+ Kd4 64. Ra8 Be4+ 65. Kf4 Bxa8 66. Rxc2 Kd3 67. Rc1 c2 68. Ra1 Kd2 69. Ke5 Bc6 70. Kd4 Bb5 71. Kc5 c1Q 72. Ra2+ Qc2 73. Kxb5 Qxa2 74. Kc5 Qc2 75. Kd4 c3 76. Ke5 Qb2 77. Kd6 c2 78. Ke7 c1Q 79. Kf7 Qc7+ 80. Kf8 Qbg7+ 81. Ke8 Qc8# 0-1

[Event "Titled Tuesday intern op 09th Jul Early"]
[Site "Chess.com INT"]
[Date "2024.07.09"]
[Round "5"]
[White "Maneluk, Daniil"]
[Black "Brunner, Nicolas"]
[Result "1-0"]
[WhiteElo "2254"]
[BlackElo "2424"]
[PlyCount "53"]
[EventDate "2024.07.09"]
[EventType "swiss (blitz)"]
[EventRounds "11"]
[EventCountry "USA"]
[SourceTitle "EXT 2025"]
[Source "ChessBase"]
[SourceDate "2024.10.14"]
[SourceVersion "1"]
[SourceVersionDate "2024.10.14"]
[SourceQuality "1"]

1. e4 e5 2. Nf3 Nf6 3. d4 Nxe4 4. Bd3 d5 5. Nxe5 Nd7 6. Nc3 Nxc3 7. bxc3 Nxe5 8. dxe5 Bc5 9. 0-0 0-0 10. Qh5 g6 11. Qh6 Re8 12. Bg5 Be7 13. f4 Be6 14. Bxe7 Qxe7 15. f5 gxf5 16. Bxf5 Bxf5 17. Rxf5 Kh8 18. Raf1 Qc5+ 19. Kh1 Re6 20. Qh4 Qe3 21. Rxf7 Rh6 22. Rf8+ Rxf8 23. Rxf8+ Kg7 24. Qe7+ Kg6 25. Qf7+ Kg5 26. Qf5+ Kh4 27. g3+ 1-0

[Event "Titled Tuesday intern op 02nd Jul Early"]
[Site "Chess.com INT"]
[Date "2024.07.02"]
[Round "5"]
[White "Cheng, Xiao"]
[Black "Maneluk, Daniil"]
[Result "0-1"]
[WhiteElo "2288"]
[BlackElo "2254"]
[PlyCount "124"]
[EventDate "2024.07.02"]
[EventType "swiss (blitz)"]
[EventRounds "11"]
[EventCountry "USA"]
[SourceTitle "EXT 2025"]
[Source "ChessBase"]
[SourceDate "2024.10.14"]
[SourceVersion "1"]
[SourceVersionDate "2024.10.14"]
[SourceQuality "1"]

1. d4 Nf6 2. Bg5 Ne4 3. h4 h6 4. Bf4 d5 5. f3 Nd6 6. e3 g6 7. Bd3 Bg7 8. Nd2 Nd7 9. c4 dxc4 10. Nxc4 Nxc4 11. Bxc4 c5 12. dxc5 Qa5+ 13. Qd2 Qxd2+ 14. Kxd2 Bxb2 15. Rb1 Ba3 16. Ne2 Bxc5 17. Nc3 e5 18. Bg3 0-0 19. Ne4 Be7 20. h5 g5 21. f4 exf4 22. exf4 Nf6 23. Nxf6+ Bxf6 24. Ke3 Re8+ 25. Kf3 g4+ 26. Kf2 Bd4+ 27. Kf1 Bf5 28. Rxb7 Reb8 29. Rxf7 Bd3+ 30. Bxd3 Kxf7 31. Bf2 Rd8 32. Bc4+ Kg7 33. Ke2 Rac8 34. Bb3 Bxf2 35. Kxf2 Rc3 36. Rh4 g3+ 37. Ke2 Kf6 38. Rg4 Kf5 39. Rg6 Kxf4 40. Rxh6 Re3+ 41. Kf1 Rd2 42. Rf6+ Kg5 43. Rf8 Rc3 44. Rg8+ Kxh5 45. Rh8+ Kg5 46. Rg8+ Kf6 47. Rf8+ Kg7 48. Rf7+ Kg6 49. Ke1 Rxg2 50. Rxa7 Rc1+ 51. Bd1 Rg1+ 52. Kd2 Rcxd1+ 53. Ke2 g2 54. Kf2 Rdf1+ 55. Kg3 Kf5 56. Ra5+ Ke4 57. a4 Ra1 58. Ra8 Ra2 59. Re8+ Kd5 60. a5 Rh1 61. Rd8+ Kc6 62. a6 g1Q+ 0-1